[Event "ROM-ch U12 Girls"]
[Site "Calimanesti Caciulata"]
[Date "2016.04.24"]
[Round "8"]
[White "Huszti, Diana Maria"]
[Black "Hejja, Irisz Hanna"]
[Result "1/2-1/2"]
[WhiteElo "1196"]
[BlackElo "1444"]
[PlyCount "87"]
[EventDate "2016.04.18"]
[EventType "swiss"]
[EventRounds "9"]
[EventCountry "ROU"]
[SourceTitle "CBM 172 Extra"]
[Source "ChessBase"]
[SourceDate "2016.06.21"]
[SourceVersion "1"]
[SourceVersionDate "2016.06.21"]
[SourceQuality "1"]

1. e4 d5 2. exd5 Qxd5 3. Nc3 Qd6 4. Bc4 c6 5. Nf3 Nf6 6. d3 Bg4 7. h3 Bh5 8. g4 Bg6 9. Be3 Nbd7 10. Qd2 e6 11. Nh4 Qc7 12. Nxg6 hxg6 13. f4 Nxg4 14. Qe2 Nxe3 15. Qxe3 Qb6 16. Qc1 Bc5 17. Ne4 Be3 18. Qd1 Bxf4 19. Qf3 Qe3+ 20. Qxe3 Bxe3 21. Nd6+ Ke7 22. Nxb7 Bb6 23. b4 Rab8 24. Na5 Bxa5 25. bxa5 Rh5 26. a6 Nb6 27. Rb1 Rd8 28. Rb4 Ra5 29. Rf1 Nxc4 30. Rb7+ Kd6 31. dxc4 Rxa6 32. Rfxf7 Rxa2 33. Rxg7 Rxc2 34. Rxa7 Rxc4 35. Rxg6 Rd7 36. Ra2 Re4+ 37. Kf2 Rf7+ 38. Kg3 Re3+ 39. Kg4 Re4+ 40. Kg3 Re3+ 41. Kg4 Re4+ 42. Kg3 Re3+ 43. Kg4 Re4+ 44. Kg3 1/2-1/2